| 000 | 00733nam a2200253Ia 4500 | ||
|---|---|---|---|
| 003 | OSt | ||
| 005 | 20221006153404.0 | ||
| 006 | a|||||r|||| 00| 0 | ||
| 007 | ta | ||
| 008 | 221006b |||||||| |||| 00| 0 eng d | ||
| 020 |
_c _13.95(¥2,440) |
||
| 024 | _a32,197 | ||
| 037 |
_bGift, Japan Foundation _cTextual |
||
| 040 |
_aEASL _cEASL _beng |
||
| 041 |
_2eng _aeng |
||
| 082 | _aO42,3M86, N3 | ||
| 100 | _aTANIZAKI Junichiro | ||
| 245 | 0 | _aQuicksand | |
| 260 |
_aNew York _bVintage International _c1993 |
||
| 300 |
_a224p. _ccm. |
||
| 700 |
_a HIBBETT Howard Tr. _9662230 |
||
| 942 |
_hO42,3M86, N3 _cTEXL _2CC |
||
| 999 |
_c1100283 _d1100283 |
||